[Event "Rhein Main op-A 25th"]
[Site "Bad Homburg"]
[Date "2023.06.08"]
[Round "3"]
[White "Wilk, Jan"]
[Black "Mews, Bernhard"]
[Result "0-1"]
[WhiteElo "1811"]
[BlackElo "1936"]
[PlyCount "86"]
[EventDate "2023.06.07"]
[EventType "swiss"]
[EventRounds "7"]
[EventCountry "GER"]
[SourceTitle "CBM 215 Extra"]
[Source "ChessBase"]
[SourceDate "2023.09.30"]
[SourceVersion "1"]
[SourceVersionDate "2023.09.30"]
[SourceQuality "1"]

1. d4 Nf6 2. Bf4 d5 3. e3 e6 4. Bd3 Bd6 5. Bg3 0-0 6. Nd2 c5 7. c3 Qc7 8. Ngf3 Nbd7 9. 0-0 Bxg3 10. hxg3 e5 11. dxe5 Nxe5 12. Nxe5 Qxe5 13. Nf3 Qe7 14. Qc2 b6 15. Rfe1 Bb7 16. Rad1 Rad8 17. Re2 Rd6 18. Rde1 Ne4 19. Nd2 Rfd8 20. Qb1 Rh6 21. Nxe4 dxe4 22. Bc4 Rhd6 23. Rc1 Bc8 24. Ree1 Bg4 25. Be2 Bxe2 26. Rxe2 f5 27. Qc2 Qe8 28. f3 Rd3 29. Kf2 Qh5 30. Rg1 Qh2 31. Qb3+ Kh8 32. Rge1 Qh5 33. f4 R3d6 34. Qa4 a5 35. Qb3 h6 36. Qa4 Kh7 37. Qb3 R8d7 38. Qc2 Qh2 39. Qc1 Rg6 40. Rh1 Qxg3+ 41. Kf1 Rgd6 42. Rh3 Rd1+ 43. Re1 Qxe1# 0-1

[Event "Rhein Main op-A 22nd"]
[Site "Bad Homburg"]
[Date "2019.06.20"]
[Round "3"]
[White "Novak, Volker"]
[Black "Wilk, Jan"]
[Result "1-0"]
[WhiteElo "2107"]
[BlackElo "1781"]
[PlyCount "41"]
[EventDate "2019.06.19"]
[EventType "swiss"]
[EventRounds "9"]
[EventCountry "GER"]
[SourceTitle "EXT 2020"]
[Source "ChessBase"]
[SourceDate "2019.10.17"]
[SourceVersion "1"]
[SourceVersionDate "2019.10.17"]
[SourceQuality "1"]

1. Nf3 d5 2. c4 e6 3. g3 Nf6 4. Bg2 Be7 5. 0-0 c5 6. cxd5 exd5 7. d4 0-0 8. Nc3 Nc6 9. b3 a6 10. Bb2 Bg4 11. dxc5 Bxc5 12. Rc1 d4 13. Na4 Ba7 14. Nc5 Bxc5 15. Rxc5 Ne4 16. Rc4 Nd6 17. Rc1 Re8 18. Nxd4 Nxd4 19. Qxd4 Qg5 20. Qxd6 Rxe2 21. Rc5 1-0

[Event "Rheinland Pfalz op 10th"]
[Site "Nickenich"]
[Date "2018.06.01"]
[Round "3"]
[White "Sreyas, Payyappat"]
[Black "Wilk, Jan"]
[Result "1-0"]
[WhiteElo "1333"]
[BlackElo "1762"]
[PlyCount "101"]
[EventDate "2018.05.31"]
[EventType "swiss"]
[EventRounds "7"]
[EventCountry "GER"]
[SourceTitle "EXT 2019"]
[Source "ChessBase"]
[SourceDate "2018.10.10"]
[SourceVersion "1"]
[SourceVersionDate "2018.10.10"]
[SourceQuality "1"]

1. e4 e6 2. d4 d5 3. Nc3 Nf6 4. Bg5 Be7 5. Bxf6 Bxf6 6. e5 Be7 7. Qg4 0-0 8. Nf3 f5 9. Qg3 a6 10. h4 c5 11. Qh3 Nc6 12. 0-0-0 cxd4 13. Nxd4 Nxe5 14. f4 Ng4 15. Qf3 Bc5 16. h5 h6 17. Be2 Qf6 18. Nxd5 exd5 19. Qxd5+ Kh8 20. Qxc5 Nf2 21. Ne6 Bxe6 22. Qxf2 Bxa2 23. Qd4 Qe7 24. Rhe1 Rad8 25. Qe5 Qxe5 26. fxe5 Be6 27. Bf3 Bc8 28. Rxd8 Rxd8 29. e6 Re8 30. e7 Kh7 31. Bd5 Bd7 32. Bf7 Rc8 33. e8Q Bxe8 34. Rxe8 Rxe8 35. Bxe8 Kg8 36. Bg6 f4 37. c4 b6 38. b4 Kf8 39. Kd2 Ke7 40. Kd3 Kd6 41. Kd4 a5 42. bxa5 bxa5 43. c5+ Ke6 44. Bd3 a4 45. Ke4 a3 46. Bc4+ Kd7 47. Bd5 Ke7 48. Kxf4 Kf6 49. c6 Ke7 50. Kf5 Kd6 51. Ba2 1-0

[Event "Rheinland Pfalz op 10th"]
[Site "Nickenich"]
[Date "2018.06.01"]
[Round "4"]
[White "Wilk, Jan"]
[Black "De Luca, Andrew"]
[Result "1-0"]
[WhiteElo "1762"]
[BlackElo "1473"]
[PlyCount "71"]
[EventDate "2018.05.31"]
[EventType "swiss"]
[EventRounds "7"]
[EventCountry "GER"]
[SourceTitle "EXT 2019"]
[Source "ChessBase"]
[SourceDate "2018.10.10"]
[SourceVersion "1"]
[SourceVersionDate "2018.10.10"]
[SourceQuality "1"]

1. d4 Nf6 2. Nf3 e6 3. Bf4 b6 4. e3 Bb7 5. Nbd2 d6 6. Bd3 Nbd7 7. c3 Qe7 8. e4 e5 9. dxe5 dxe5 10. Bg5 0-0-0 11. Qe2 Nc5 12. Bc2 h6 13. Bxf6 gxf6 14. Nh4 Kb8 15. Nf5 Qe8 16. 0-0-0 Rg8 17. Qf3 Qb5 18. Nb3 Rc8 19. Rd2 Qc4 20. Nxc5 Bxc5 21. Kb1 Rcd8 22. Rdd1 Rc8 23. Nxh6 Rg6 24. Nf5 Rcg8 25. g3 Rg4 26. Nh6 Rxe4 27. Nxg8 Re1 28. Qxb7+ Kxb7 29. Rhxe1 Bxf2 30. Rf1 Qe2 31. Nxf6 c6 32. Ne4 Be3 33. Rxf7+ Kc8 34. Nf6 Qc4 35. Bf5+ Kb8 36. Rd8# 1-0

[Event "Pfalz-ch HT2 87th"]
[Site "Landau"]
[Date "2018.03.30"]
[Round "5"]
[White "Wilk, Jan"]
[Black "Steiner, Peter Markus"]
[Result "0-1"]
[WhiteElo "1686"]
[BlackElo "1504"]
[PlyCount "84"]
[EventDate "2018.03.23"]
[EventType "swiss"]
[EventRounds "7"]
[EventCountry "GER"]
[SourceTitle "EXT 2019"]
[Source "ChessBase"]
[SourceDate "2018.10.10"]
[SourceVersion "1"]
[SourceVersionDate "2018.10.10"]
[SourceQuality "1"]

1. d4 d5 2. Bf4 c6 3. e3 Nf6 4. c3 Bf5 5. Nd2 Nbd7 6. Ngf3 e6 7. Ne5 Nxe5 8. Bxe5 Be7 9. h3 0-0 10. Nf3 Ne4 11. Bd3 Bg6 12. 0-0 Qb6 13. Qe2 Bh5 14. g4 Bg6 15. Rab1 Qd8 16. Bg3 Nxg3 17. fxg3 Qc7 18. Kg2 Bd6 19. Bxg6 hxg6 20. Ng5 Qe7 21. h4 e5 22. Rf2 f6 23. Nh3 Rae8 24. Re1 Qd7 25. dxe5 Bxe5 26. Qd1 Bc7 27. g5 f5 28. Nf4 Bxf4 29. exf4 Rxe1 30. Qxe1 Re8 31. Re2 Re4 32. Kf3 Qe8 33. Qd2 Qe6 34. Qd3 Kf7 35. Kf2 Kf8 36. b3 Qe7 37. Kf3 Kf7 38. c4 Qe6 39. cxd5 cxd5 40. Rd2 d4 41. Qc2 Qd5 42. Qc7+ Re7+ 0-1

[Event "Pfalz-ch HT2 87th"]
[Site "Landau"]
[Date "2018.03.25"]
[Round "3"]
[White "Wilk, Jan"]
[Black "Bleisinger, Emil"]
[Result "1-0"]
[WhiteElo "1686"]
[BlackElo "1551"]
[PlyCount "47"]
[EventDate "2018.03.23"]
[EventType "swiss"]
[EventRounds "7"]
[EventCountry "GER"]
[SourceTitle "EXT 2019"]
[Source "ChessBase"]
[SourceDate "2018.10.10"]
[SourceVersion "1"]
[SourceVersionDate "2018.10.10"]
[SourceQuality "1"]

1. d4 Nf6 2. Bf4 g6 3. c4 Bg7 4. Nc3 0-0 5. Nf3 d6 6. e3 Bg4 7. h3 Bxf3 8. Qxf3 Nc6 9. a3 Nd7 10. Rd1 Qc8 11. Be2 e5 12. dxe5 dxe5 13. Bg3 Rd8 14. 0-0 Ne7 15. Bh4 Re8 16. e4 Nc6 17. Qe3 Nd4 18. Nd5 Bf8 19. Bg4 f5 20. exf5 gxf5 21. Qg5+ Kh8 22. Bxf5 Bc5 23. Rxd4 Bxd4 24. Qh6 1-0

[Event "Pfalz-ch HT1 86th"]
[Site "Wolfstein"]
[Date "2017.04.09"]
[Round "3"]
[White "Wilk, Jan"]
[Black "Gass, Udo"]
[Result "1-0"]
[WhiteElo "1781"]
[BlackElo "1523"]
[PlyCount "71"]
[EventDate "2017.04.07"]
[EventType "swiss"]
[EventRounds "7"]
[EventCountry "GER"]
[SourceTitle "EXT 2018"]
[Source "ChessBase"]
[SourceDate "2017.10.13"]
[SourceVersion "1"]
[SourceVersionDate "2017.10.13"]
[SourceQuality "1"]

1. d4 Nf6 2. Nf3 g6 3. c4 Bg7 4. Nc3 0-0 5. g3 d6 6. Bg2 Nc6 7. 0-0 e5 8. Bg5 h6 9. dxe5 hxg5 10. exf6 Bxf6 11. Qd2 g4 12. Ne1 Ne5 13. b3 Bg7 14. Rd1 Nd7 15. Nd3 c6 16. Rfe1 Qe7 17. e3 Ne5 18. Nxe5 dxe5 19. Qd6 Qe8 20. Ne4 f5 21. Nc5 Qf7 22. Re2 f4 23. exf4 exf4 24. Re7 Qf6 25. Ne6 Bxe6 26. Qxe6+ Qxe6 27. Rxe6 fxg3 28. hxg3 Rf7 29. Rxg6 Raf8 30. Rd2 Kh7 31. Rxg4 Bc3 32. Be4+ Kh8 33. Rd6 Bg7 34. Rh4+ Kg8 35. Bh7+ Kh8 36. Bg6+ 1-0

[Event "Rheinland Pfalz op 7th"]
[Site "Frankenthal"]
[Date "2015.06.06"]
[Round "6"]
[White "Wilk, Jan"]
[Black "Spadea, Fabrizio"]
[Result "1/2-1/2"]
[WhiteElo "1838"]
[BlackElo "1378"]
[PlyCount "85"]
[EventDate "2015.06.04"]
[EventType "swiss"]
[EventRounds "7"]
[EventCountry "GER"]
[SourceTitle "EXT 2017"]
[Source "ChessBase"]
[SourceDate "2016.10.25"]
[SourceVersion "1"]
[SourceVersionDate "2016.10.25"]
[SourceQuality "1"]

1. d4 Nf6 2. Nf3 g6 3. c4 Bg7 4. Nc3 d6 5. g3 Bf5 6. Bg2 Qc8 7. Qb3 c6 8. 0-0 0-0 9. Re1 Ne4 10. e3 Nxc3 11. bxc3 Be4 12. Nd2 Bxg2 13. Kxg2 Nd7 14. Rb1 Rb8 15. a4 a5 16. Ba3 c5 17. Qc2 Nf6 18. Rb5 b6 19. Reb1 Nd7 20. Nb3 cxd4 21. cxd4 Qc6+ 22. f3 Rfc8 23. Rc1 Rc7 24. d5 Qa8 25. Qe4 Nc5 26. Nxc5 bxc5 27. Rcb1 Rcb7 28. Qxe7 Rxb5 29. Rxb5 Rxb5 30. axb5 Bf8 31. Qc7 a4 32. b6 Qa5 33. Qa7 Qd2+ 34. Kh3 Qxe3 35. Qxa4 Qh6+ 36. Kg2 Qd2+ 37. Kf1 Qd3+ 38. Ke1 Qe3+ 39. Kd1 Qxf3+ 40. Kc1 Bh6+ 41. Kb2 Bg7+ 42. Kb1 Qd3+ 43. Ka2 1/2-1/2

[Event "Karl Mala Memorial op-A 17th"]
[Site "Frankfurt"]
[Date "2014.08.01"]
[Round "3"]
[White "Mosig, Rainer"]
[Black "Wilk, Jan"]
[Result "0-1"]
[WhiteElo "1898"]
[BlackElo "1795"]
[PlyCount "74"]
[EventDate "2014.07.31"]
[EventType "swiss"]
[EventRounds "7"]
[EventCountry "GER"]
[SourceTitle "EXT 2015"]
[Source "ChessBase"]
[SourceDate "2014.11.20"]
[SourceVersion "1"]
[SourceVersionDate "2014.11.20"]
[SourceQuality "1"]

1. d4 d5 2. Nf3 Nf6 3. c4 e6 4. Nc3 c6 5. Bg5 Be7 6. e3 Nbd7 7. Qc2 h6 8. Bxf6 Nxf6 9. Bd3 dxc4 10. Bxc4 b5 11. Bd3 Bb7 12. Rd1 0-0 13. 0-0 a6 14. a3 Rc8 15. Qe2 Qb6 16. e4 Rfe8 17. Bb1 Qa5 18. Nd2 Qc7 19. e5 Nd5 20. Rc1 Qd7 21. Qg4 Bg5 22. f4 Ne3 23. Qe2 Nxf1 24. Nxf1 Qxd4+ 25. Kh1 Qxf4 26. Re1 Red8 27. Qc2 g6 28. Ne4 Qxe5 29. Re2 Qf4 30. Rf2 Qc1 31. Nc5 Qxc2 32. Bxc2 Rc7 33. Bb3 Bc8 34. g3 Be7 35. Ne4 c5 36. h4 Bb7 37. Bc2 f5 0-1

[Event "Rhein Main op-B 17th"]
[Site "Bad Homburg"]
[Date "2014.06.22"]
[Round "7"]
[White "Wilk, Jan"]
[Black "Plattner, Rolf"]
[Result "0-1"]
[WhiteElo "1799"]
[BlackElo "1857"]
[PlyCount "82"]
[EventDate "2014.06.18"]
[EventType "swiss"]
[EventRounds "9"]
[EventCountry "GER"]
[SourceTitle "CBM 161 Extra"]
[Source "ChessBase"]
[SourceDate "2014.08.29"]
[SourceVersion "1"]
[SourceVersionDate "2014.08.29"]
[SourceQuality "1"]

1. d4 Nf6 2. Bf4 g6 3. e3 Bg7 4. c4 0-0 5. Nc3 d6 6. Nf3 c6 7. Be2 Qa5 8. 0-0 Bg4 9. h3 Bc8 10. Nd2 Qd8 11. b4 d5 12. Qb3 Be6 13. Qa3 dxc4 14. Nxc4 Nd5 15. Nxd5 Bxd5 16. Rac1 Nd7 17. Nd2 e5 18. dxe5 Nxe5 19. b5 Qf6 20. bxc6 Bxc6 21. Nc4 Nxc4 22. Bxc4 Rfe8 23. Qb3 a6 24. Rfd1 Rad8 25. Bc7 Rxd1+ 26. Rxd1 b5 27. Bf1 Qe7 28. Ba5 Qe6 29. Qxe6 Rxe6 30. Be2 Be5 31. Rd8+ Kg7 32. Bb4 h5 33. Kf1 Kf6 34. Rd2 Re8 35. Bc3 Bxc3 36. Rc2 b4 37. Bxa6 Ra8 38. Bc4 Rc8 39. f3 Ba4 40. Bb3 Bxb3 41. axb3 Ra8 0-1

[Event "Rhein Main op-B 17th"]
[Site "Bad Homburg"]
[Date "2014.06.21"]
[Round "6"]
[White "Lebermann, Hellmuth"]
[Black "Wilk, Jan"]
[Result "1/2-1/2"]
[WhiteElo "1918"]
[BlackElo "1799"]
[PlyCount "63"]
[EventDate "2014.06.18"]
[EventType "swiss"]
[EventRounds "9"]
[EventCountry "GER"]
[SourceTitle "CBM 161 Extra"]
[Source "ChessBase"]
[SourceDate "2014.08.29"]
[SourceVersion "1"]
[SourceVersionDate "2014.08.29"]
[SourceQuality "1"]

1. e4 e6 2. d3 d5 3. Nd2 c6 4. Ngf3 Nf6 5. Be2 Be7 6. 0-0 0-0 7. c3 Na6 8. e5 Nd7 9. d4 c5 10. Re1 Rb8 11. Nf1 b5 12. Bd3 cxd4 13. Nxd4 Rb6 14. Bxb5 Bc5 15. Bd3 Bxd4 16. cxd4 Nb4 17. Bb1 Qc7 18. Bd2 Nc6 19. Bc3 f6 20. Qh5 f5 21. a3 Ba6 22. Ne3 Ndxe5 23. Nd1 g6 24. Qh3 Nf7 25. Ba2 Qd7 26. f4 Nd6 27. Nf2 Nb5 28. Rad1 Rfb8 29. Qf3 Nxc3 30. bxc3 Rb2 31. Ra1 Kg7 32. h3 1/2-1/2

[Event "Karl Mala Memorial op-B 16th"]
[Site "Frankfurt"]
[Date "2013.07.13"]
[Round "4"]
[White "Wilk, Jan"]
[Black "Marchese, Eric"]
[Result "1-0"]
[WhiteElo "1793"]
[BlackElo "1423"]
[PlyCount "65"]
[EventDate "2013.07.11"]
[EventType "swiss"]
[EventRounds "7"]
[EventCountry "GER"]
[SourceTitle "CBM 155 Extra"]
[Source "ChessBase"]
[SourceDate "2013.08.26"]
[SourceVersion "1"]
[SourceVersionDate "2013.08.26"]
[SourceQuality "1"]

1. d4 Nf6 2. Nf3 c5 3. c4 b5 4. cxb5 Qa5+ 5. Nc3 Nd5 6. Qa4 Qxa4 7. Nxa4 Nb4 8. Kd1 cxd4 9. Nxd4 Nd5 10. e4 Nb6 11. Nxb6 axb6 12. Be3 e6 13. Nb3 d6 14. Bxb6 Be7 15. a4 Nd7 16. Be3 Bb7 17. Bd3 Nc5 18. Nxc5 dxc5 19. f3 0-0 20. Ke2 Rfc8 21. Bc4 Bf6 22. Ra2 Bd4 23. b3 Bc3 24. Rd1 Rc7 25. Rd3 Bb4 26. Bd2 Kf8 27. Bxb4 cxb4 28. Rad2 Bc8 29. Rd8+ Ke7 30. R8d4 e5 31. R4d3 Rxc4 32. bxc4 Rxa4 33. b6 1-0

[Event "Zweibruecken PSB-ch HT3 82nd"]
[Site "Zweibruecken"]
[Date "2013.03.30"]
[Round "7"]
[White "Schmitt, Martin"]
[Black "Wilk, Jan"]
[Result "0-1"]
[WhiteElo "932"]
[BlackElo "1590"]
[PlyCount "130"]
[EventDate "2013.??.??"]
[EventType "swiss"]
[EventRounds "7"]
[EventCountry "GER"]
[SourceTitle "EXT 2014"]
[Source "ChessBase"]
[SourceDate "2013.11.20"]
[SourceVersion "1"]
[SourceVersionDate "2013.11.20"]
[SourceQuality "1"]

1. e4 e6 2. Nc3 d5 3. d4 Nf6 4. Bd3 c5 5. dxc5 Bxc5 6. Bg5 Be7 7. Qe2 0-0 8. Nf3 Nc6 9. 0-0 h6 10. Bh4 dxe4 11. Nxe4 Nh5 12. Bxe7 Qxe7 13. Rad1 Nf4 14. Qe3 Nd5 15. Qe2 Bd7 16. Bc4 Nb6 17. Bd3 Rfd8 18. h3 a6 19. a3 Na4 20. Rb1 Nc5 21. Rfd1 Nxd3 22. Rxd3 Be8 23. Rbd1 Rxd3 24. Rxd3 Rd8 25. Qe3 Qc7 26. Nc5 Rxd3 27. Qxd3 Ne7 28. Ne4 Bb5 29. Qd2 Nf5 30. c3 Bc6 31. Qd3 Bb5 32. Qd2 Qc6 33. Qe1 Qd5 34. Ned2 Nd6 35. Qd1 Nc4 36. Qc1 Nxd2 37. Nxd2 Bc6 38. Nf3 f6 39. Ne1 Kf7 40. Qc2 Qe5 41. Nd3 Qg5 42. f3 Bxf3 43. Ne1 Qe3+ 44. Qf2 Qxf2+ 45. Kxf2 Be4 46. Ke3 f5 47. b4 b6 48. a4 Bc6 49. a5 bxa5 50. bxa5 e5 51. Nd3 Kf6 52. g3 Bb5 53. Nc5 g5 54. Kf3 Ke7 55. Ke3 Kd6 56. Nb7+ Kd5 57. Kd2 Ke4 58. Nd6+ Kd5 59. Nxb5 axb5 60. a6 Kc6 61. a7 Kb7 62. a8Q+ Kxa8 63. Kd3 Kb7 64. c4 bxc4+ 65. Kxc4 f4 0-1

[Event "Rhein Main op-B 15th"]
[Site "Bad Homburg"]
[Date "2012.06.09"]
[Round "5"]
[White "Wilk, Jan"]
[Black "Rolf, Marco"]
[Result "1/2-1/2"]
[WhiteElo "1808"]
[BlackElo "1898"]
[PlyCount "46"]
[EventDate "2012.06.06"]
[EventType "swiss"]
[EventRounds "7"]
[EventCountry "GER"]
[SourceTitle "EXT 2013"]
[Source "ChessBase"]
[SourceDate "2012.11.22"]
[SourceVersion "1"]
[SourceVersionDate "2012.11.22"]
[SourceQuality "1"]

1. d4 e6 2. c4 d5 3. Nc3 c5 4. dxc5 d4 5. Ne4 Bxc5 6. Nxc5 Qa5+ 7. Bd2 Qxc5 8. e3 Nc6 9. exd4 Nxd4 10. Bc3 e5 11. Nf3 Nxf3+ 12. Qxf3 Nf6 13. Be2 0-0 14. Rd1 Bd7 15. 0-0 Bc6 16. Qg3 Rfe8 17. Bd3 Ne4 18. Bxe4 Bxe4 19. b3 Re6 20. Qh4 Bc6 21. Rd8+ Rxd8 22. Qxd8+ Re8 23. Qd2 e4 1/2-1/2

[Event "Rhein Main op-B 15th"]
[Site "Bad Homburg"]
[Date "2012.06.07"]
[Round "3"]
[White "Wilk, Jan"]
[Black "Rump, Andreas"]
[Result "1/2-1/2"]
[WhiteElo "1808"]
[BlackElo "1964"]
[PlyCount "61"]
[EventDate "2012.06.06"]
[EventType "swiss"]
[EventRounds "7"]
[EventCountry "GER"]
[SourceTitle "EXT 2013"]
[Source "ChessBase"]
[SourceDate "2012.11.22"]
[SourceVersion "1"]
[SourceVersionDate "2012.11.22"]
[SourceQuality "1"]

1. d4 g6 2. c4 Bg7 3. Nc3 Nf6 4. Nf3 0-0 5. Bg5 d6 6. e3 Nc6 7. Be2 Nb4 8. a3 Na6 9. 0-0 c6 10. Bxf6 Bxf6 11. Qd2 Nc7 12. Rab1 a6 13. b4 b5 14. Rfc1 Bd7 15. c5 dxc5 16. bxc5 Bg7 17. a4 Be6 18. Rd1 Nd5 19. axb5 axb5 20. Ra1 Nxc3 21. Qxc3 Qd5 22. Nd2 Qd7 23. Rdb1 f5 24. Bf3 Bd5 25. Bxd5+ Qxd5 26. Qb3 Qxb3 27. Nxb3 Kf7 28. Kf1 Ke6 29. Ke2 Kd5 30. f4 h6 31. Kd3 1/2-1/2

[Event "Rhein Main op-B 15th"]
[Site "Bad Homburg"]
[Date "2012.06.06"]
[Round "1"]
[White "Wilk, Jan"]
[Black "Lessmann, Sven"]
[Result "1-0"]
[WhiteElo "1808"]
[BlackElo "1299"]
[PlyCount "77"]
[EventDate "2012.06.06"]
[EventType "swiss"]
[EventRounds "7"]
[EventCountry "GER"]
[SourceTitle "EXT 2013"]
[Source "ChessBase"]
[SourceDate "2012.11.22"]
[SourceVersion "1"]
[SourceVersionDate "2012.11.22"]
[SourceQuality "1"]

1. d4 d5 2. c4 e6 3. Nf3 Nf6 4. Nc3 Nbd7 5. Bg5 c6 6. e3 Qa5 7. Bd3 dxc4 8. Bxf6 Nxf6 9. Bxc4 Ne4 10. Qb3 Bb4 11. Rc1 b5 12. Bd3 Bxc3+ 13. bxc3 Nf6 14. 0-0 0-0 15. Ne5 Bb7 16. Rb1 a6 17. c4 Rfc8 18. a4 Ra7 19. axb5 cxb5 20. cxb5 Bd5 21. Qb4 Qxb4 22. Rxb4 a5 23. Rb2 Rb7 24. b6 Ra8 25. Nc4 Ne8 26. Ra1 Bxc4 27. Bxc4 Nd6 28. Bd3 f5 29. Rc1 Nc8 30. g4 g6 31. gxf5 gxf5 32. Rc7 Rxb6 33. Rxc8+ Rxc8 34. Rxb6 a4 35. Ra6 Rc3 36. Bf1 a3 37. Kg2 Kf7 38. Kf3 Kf6 39. d5 1-0